000 00733nam a2200181Ia 4500
003 GCL
005 20240530103602.0
008 140319s9999 xx 000 0 ara d
040 _aGCL /
_cGCL
082 0 4 _a240/
_bق م
100 1 _aابن قتيبة الدينورى، ابو محمد عبدالله بن مسلم
245 1 0 _aمع ابن قتيبه فى العقيده الاسلاميه /
_cعبدالله بن مسلم بن قتيبة ؛ كاظم حطيط
650 0 4 _aالعقيدة الاسلامية
650 0 4 _aابن حنبل: ابوعبدالله احمد بن محمد بن هلال بن اسد بن ادريس الشيبانى
650 0 4 _aابن قتيبة
700 0 _aكاظم حطيط
942 _2ddc
_cBK
999 _c40902
_d40902